LEADER 01359nam a2200361 i 4500 001 991000857289707536 005 20020507174636.0 008 010917s|||| de ||| | eng 020 $a3527401350 035 $ab10767022-39ule_inst 035 $aLE01303384$9ExL 040 $aDip.to Matematica$beng 082 0 $a515.353 084 $aAMS 35J 084 $aAMS 35K 100 1 $aMaugeri, Antonino$0482404 245 10$aElliptic and parabolic equations with discontinous coefficients /$cAntonio Maugeri, Dian K. Palagachev, Lubomira G. Softova 250 $a1st ed. 260 $aBerlin :$bWiley-VCH,$cc2000 300 $a256 p. ;$c25 cm 490 0 $aMathematical research =$aMathematische Forschung,$x0138-3019 ;$v109 500 $aIncludes bibliographical reference (p. [241]-251) and index 650 0$aElliptic operators 650 0$aParabolic differential equations 650 0$aParabolic operators 700 1 $aPalagachev, Dian K. 700 1 $aSoftova, Lubomira G. 907 $a.b10767022$b23-02-17$c28-06-02 912 $a991000857289707536 945 $aLE013 35J MAU11 (2000)$g1$i2013000128108$lle013$o-$pE0.00$q-$rl$s- $t0$u2$v4$w2$x0$y.i10863278$z28-06-02 996 $aElliptic and parabolic equations with discontinous coefficients$9923372 997 $aUNISALENTO 998 $ale013$b01-01-01$cm$da $e-$feng$gde $h0$i1 LEADER 02311oas 2200673 a 450 001 9910222252803321 005 20250713213019.0 035 $a(OCoLC)225679507 035 $a(CONSER) 2010200142 035 $a(CKB)2320000000019018 035 $a(EXLCZ)992320000000019018 100 $a20070925a20049999 ua a 101 0 $aeng 135 $aur||||||||||| 181 $ctxt$2rdacontent 182 $cc$2rdamedia 183 $acr$2rdacarrier 200 04$aThe journal of physical security 210 $aArgonne, IL $cVulnerability Assessment Team at Argonne National Laboratory 300 $aRefereed/Peer-reviewed 300 $aRefereed serial. 311 08$a2157-8443 517 1 $aJPS 531 0 $aJ. phys. sec. 606 $aRadioactive substances$xSecurity measures$vPeriodicals 606 $aRadioactive substances$xRisk assessment$vPeriodicals 606 $aNuclear facilities$xRisk assessment$vPeriodicals 606 $aNuclear facilities$xSecurity measures$vPeriodicals 606 $aNuclear industry$xRisk assessment$vPeriodicals 606 $aNuclear industry$xSecurity measures$vPeriodicals 606 $aSecurity systems$vPeriodicals 606 $aNuclear facilities$xSecurity measures$2fast$3(OCoLC)fst01040157 606 $aNuclear industry$xSecurity measures$2fast$3(OCoLC)fst01040313 606 $aSecurity systems$2fast$3(OCoLC)fst01110883 608 $aPeriodicals.$2fast 615 0$aRadioactive substances$xSecurity measures 615 0$aRadioactive substances$xRisk assessment 615 0$aNuclear facilities$xRisk assessment 615 0$aNuclear facilities$xSecurity measures 615 0$aNuclear industry$xRisk assessment 615 0$aNuclear industry$xSecurity measures 615 0$aSecurity systems 615 7$aNuclear facilities$xSecurity measures. 615 7$aNuclear industry$xSecurity measures. 615 7$aSecurity systems. 676 $a363 712 02$aArgonne National Laboratory.$bVulnerability Assessment Team. 801 0$bAU@ 801 1$bAU@ 801 2$bDLC 801 2$bOCLCQ 801 2$bOCLCO 801 2$bOCLCQ 801 2$bOCLCF 801 2$bOCLCL 906 $aJOURNAL 912 $a9910222252803321 996 $aThe journal of physical security$92090745 997 $aUNINA